LEADER 04246nam 2200829Ia 450 001 9910450128303321 005 20210608025636.0 010 $a9786612358098 010 $a1-4237-3146-8 010 $a1-282-35809-X 010 $a0-520-93868-2 010 $a1-59875-808-X 024 7 $a10.1525/9780520938687 035 $a(CKB)1000000000246860 035 $a(EBL)240970 035 $a(OCoLC)475955490 035 $a(SSID)ssj0000284901 035 $a(PQKBManifestationID)11193809 035 $a(PQKBTitleCode)TC0000284901 035 $a(PQKBWorkID)10262731 035 $a(PQKB)11784418 035 $a(MiAaPQ)EBC240970 035 $a(OCoLC)62196238 035 $a(MdBmJHUP)muse30421 035 $a(WaSeSS)Ind00071740 035 $a(DE-B1597)521055 035 $a(DE-B1597)9780520938687 035 $a(Au-PeEL)EBL240970 035 $a(CaPaEBR)ebr10091262 035 $a(CaONFJC)MIL235809 035 $a(EXLCZ)991000000000246860 100 $a20041214d2005 ub 0 101 0 $aeng 135 $aurnn#---|u||u 181 $ctxt 182 $cc 183 $acr 200 14$aThe too-good wife$b[electronic resource] $ealcohol, codependency, and the politics of nurturance in postwar Japan /$fAmy Borovoy 210 $aBerkeley $cUniversity of California Press$dc2005 215 $a1 online resource (255 p.) 225 1 $aEthnographic studies in subjectivity ;$v6 300 $aDescription based upon print version of record. 311 0 $a0-520-24451-6 311 0 $a0-520-24452-4 320 $aIncludes bibliographical references and index. 327 $tFront matter --$tContents --$tPreface --$tAcknowledgments --$tIntroduction: "Dirty Lukewarm Water" --$t1. Alcoholism and Codependency: New Vocabularies for Unspeakable Problems --$t2. Motherhood, Nurturance, and "Total Care" in Postwar National Ideology --$t3. Good Wives: Negotiating Marital Relationships --$t4. A Success Story --$t5. The Inescapable Discourse of Motherhood --$tConclusion: The Home as a Feminist Dilemma --$tNotes --$tReferences --$tIndex 330 $aSocial drinking is an accepted aspect of working life in Japan, and women are left to manage their drunken husbands when the men return home, restoring them to sobriety for the next day of work. In attempting to cope with their husbands' alcoholism, the women face a profound cultural dilemma: when does the nurturing behavior expected of a good wife and mother become part of a pattern of behavior that is actually destructive? How does the celebration of nurturance and dependency mask the exploitative aspects not just of family life but also of public life in Japan? The Too-Good Wife follows the experiences of a group of middle-class women in Tokyo who participated in a weekly support meeting for families of substance abusers at a public mental-health clinic. Amy Borovoy deftly analyzes the dilemmas of being female in modern Japan and the grace with which women struggle within a system that supports wives and mothers but thwarts their attempts to find fulfillment outside the family. The central concerns of the book reach beyond the problem of alcoholism to examine the women's own processes of self-reflection and criticism and the deeper fissures and asymmetries that undergird Japanese productivity and social order. 410 0$aEthnographic studies in subjectivity ;$v6. 606 $aAlcoholics$zJapan$zTokyo$xFamily relationships 606 $aAlcoholics' spouses$zJapan$zTokyo 606 $aParents of drug addicts$zJapan$zTokyo 606 $aCodependency$zJapan$zTokyo 606 $aSocial work with women$zJapan$zTokyo 606 $aSex role$zJapan$zTokyo 606 $aWives$zJapan$zTokyo 608 $aElectronic books. 615 0$aAlcoholics$xFamily relationships. 615 0$aAlcoholics' spouses 615 0$aParents of drug addicts 615 0$aCodependency 615 0$aSocial work with women 615 0$aSex role 615 0$aWives 676 $a362.29/13/0952135 700 $aBorovoy$b Amy Beth$01053528 801 0$bMiAaPQ 801 1$bMiAaPQ 801 2$bMiAaPQ 906 $aBOOK 912 $a9910450128303321 996 $aThe too-good wife$92485471 997 $aUNINA LEADER 04430nam 2200577 a 450 001 9910141505303321 005 20170815150356.0 010 $a1-118-49859-3 010 $a1-299-15888-9 010 $a1-118-49847-X 010 $a1-118-49846-1 035 $a(CKB)2670000000325781 035 $a(EBL)1120576 035 $a(OCoLC)827207728 035 $a(SSID)ssj0000822103 035 $a(PQKBManifestationID)11447055 035 $a(PQKBTitleCode)TC0000822103 035 $a(PQKBWorkID)10756194 035 $a(PQKB)10627079 035 $a(MiAaPQ)EBC1120576 035 $a(DLC) 2012046336 035 $a(EXLCZ)992670000000325781 100 $a20121108d2013 uy 0 101 0 $aeng 135 $aur|n|---||||| 181 $ctxt 182 $cc 183 $acr 200 10$aInternational construction contracts$b[electronic resource] $ea handbook : with commentary on the FIDIC design-build forms /$fWilliam Godwin 210 $aHoboken $cWiley-Blackwell$d2013 215 $a1 online resource (225 p.) 300 $aDescription based upon print version of record. 311 $a0-470-65572-0 320 $aIncludes bibliographical references and index. 327 $aMachine generated contents note: Foreword Preface About the Author Acknowledgments PART ONE Chapter 1 CONTRACTS I. What is a Contract? 1. A working definition 2. Agreement 3. Do contracts need to be in writing? 4. Other elements of a contract 5. Capacity and authority 6. Importance of a written contract 7. What should a properly written construction contract cover? 8. Tailoring the contract Chapter 2 Risk 9. How risk may be allocated 10. The 'traditional' approach to risk 11. EPC/turnkey projects 12. BOT-type projects 13. Parties to a BOT-type project 14. Contracts involved in a BOT-type project 15. The FIDIC Silver Book 16. Particular Risks: the Unforeseen and Design Chapter 3 Types of Construction Contract 17. Lump sum contracts 18. Prime cost or reimbursable contracts 19. Unit price contracts 20. Target contracts 21. Which contract? PART TWO Chapter 4 The FIDIC Design-Build Contracts 22. Some key general provisions 23. The Employer 24. Contract Administration and the role of the Engineer 25. The Contractor 26. Design 27. Staff and Labour 28. Plant, Materials and Workmanship 29. Time: Commencement, Delays and Suspension of the Works 30. Tests on Completion 31. Employer's Taking Over 32. Defects Liability 33. Tests after Completion 34. Variations and adjustments to the contract price 35. Payment 36. Termination by the Employer 37. Suspension and Termination by the Contractor 38. Risk and Responsibility 39. Insurance 40. Force Majeure 41. Contractor's claims, disputes, and arbitration PART THREE Chapter 5 Disputes and How to Resolve Them 42. Introduction 43. Legal Aspects of a Construction Project 44. Kinds of Claim 45. Making a Claim 46. Who decides whether to accept a claim? 47. Dispute Review Boards and the FIDIC DAB 48. Methods of Dispute Resolution 49. Arbitration 50. How are International Arbitrations conducted? APPENDIX I Yugo Design Company v Sino Industries Corporation: an ICC Arbitration from Start to Finish APPENDIX II Rules of Arbitration of the International Chamber of Commerce Rules of Arbitration of the Singapore International Arbitration Centre Index. 330 $a"The book provides clear, concise and practical guidance on the understanding, negotiation and management of contracts for international construction and engineering projects. It covers, in a simple and straightforward way, the main features of construction contracts, the underlying notions on which they are based and the various dispute resolution procedures available should a dispute arise, with the aim of ensuring the construction professional (engineer or other non-lawyer) engaged on an international project has an awareness of the types of issue that typically arise on the contractual side of the project"--$cProvided by publisher. 606 $aConstruction contracts 608 $aElectronic books. 615 0$aConstruction contracts. 676 $a343.078624 676 $a692.8 676 $a692/.8 686 $aLAW019000$2bisacsh 700 $aGodwin$b William$f1923-$0928902 801 0$bMiAaPQ 801 1$bMiAaPQ 801 2$bMiAaPQ 906 $aBOOK 912 $a9910141505303321 996 $aInternational construction contracts$92087708 997 $aUNINA